VAJANSKÉHO MARTIN

Bibliographic Details
Main Authors: Broz, Jarko (Author), Šebová, Soňa (Author)
Format: Article
Language:Slovak

MARC

LEADER 00000nab a2200000ua 4500
001 vtls010777891
003 SK-MaSNL
005 20260303102726.0
008 230121s2011 xo |||||||||||||||||slo|
035 |a (urnnbn)urn:nbn:sk:snk:ar-a00fcw 
035 |a (uuid)d404ccc0-fbab-42ee-9eff-001af234a8b1 
035 |a urn:nbn:sk:snk-ab47vb 
040 |a SNKBUCL  |b slo  |c SNKBUCL  |e AACR2 
041 0 |a slo 
044 |a xo  |c SK 
100 1 |a Broz, Jarko  |4 aut  |9 548109 
245 1 0 |a VAJANSKÉHO MARTIN  |c Jarko Broz, Soňa Šebová 
700 1 |a Šebová, Soňa  |4 aut  |9 23469 
773 0 |t Javisko  |g Roč. 43, č. 2 - 3 (2011), s. 38-39 
954 |a odborná, vedecká literatúra pôvodná (slovenská)  |2 lita 
958 |a OND 
958 |a EUIPO 
958 |a article3 
999 |c 1844512  |d 1846442